| 000 | 00952nam a22003017a 4500 | ||
|---|---|---|---|
| 001 | BR2014002768 | ||
| 003 | BR-BrBNA | ||
| 005 | 20230928104433.0 | ||
| 007 | ta | ||
| 008 | 230509b bl.||||| |||| 00| 0 por d | ||
| 040 |
_aBR-BrBNA _bpor _cBiblioteca Nacional de Agricultura |
||
| 041 | _a(Eng) | ||
| 072 | _aK01; H10 | ||
| 090 | _ K01 BR2014002768 | ||
| 100 | 1 | _aClark, E.W. | |
| 110 | 1 |
_aFAO, Brasília, DF (Brasil) _94523 |
|
| 110 | 1 |
_aInstituto Brasileiro de desenvolvimento Florestal, Brasília, DF (Brasil) _95727 |
|
| 245 | 1 |
_aForestry development and research Brazil, forestry entomology _bProject BRA/76/027; Technical Report Nº 5 |
|
| 260 | 3 |
_aBrasília, DF (Brasil): _c1978. |
|
| 300 | _a82 p. | ||
| 500 | _aBibliography p. 76-82; Summary (Eng) | ||
| 650 | _aDESENVOLVIMENTO FLORESTAL | ||
| 650 | _aPESQUISA | ||
| 650 | _aENTOMOLOGIA | ||
| 650 | _aPRAGA DE PLANTA | ||
| 909 |
_a202309 _bLucia _c55 _dLucia Elande |
||
| 942 | _cBK | ||
| 999 |
_c79906 _d79906 |
||